| 000 | 00781nam a2200265 a 4500 | ||
|---|---|---|---|
| 001 | 4981 | ||
| 003 | BD-RjUL | ||
| 005 | 20211208234005.0 | ||
| 008 | 160816s1962 enk 001 0 eng | ||
| 035 | _a(BD-RjUL)5017 | ||
| 035 | _a(OCoLC)17286413 | ||
| 040 |
_aDLC _cIUB _dUk _dDLC _dBD-RjUL _beng |
||
| 041 | _aeng | ||
| 082 | 0 | 0 |
_a368.102642 _bTAF 1962 _223 |
| 100 | 1 | 0 |
_aTaylor, Herbert _d1908- _915259 |
| 245 | 1 | 0 |
_aFire insurance law / _cby Herbert Taylor |
| 250 | _a2d ed. | ||
| 260 |
_aLondon : _bPitman, _c1959 [repriented 1962] |
||
| 300 |
_axxii, 133 p. _c23 cm. |
||
| 410 | 2 | 0 |
_aChartered Insurance Institute. _tInsurance handbook _vno. 2 |
| 500 | _aIncludes index. | ||
| 650 | 0 |
_aFire insurance _zGreat Britain. _915132 |
|
| 942 |
_2ddc _cBK |
||
| 999 |
_c4981 _d4981 |
||